000 01237cam a22003497a 4500
003 CHAP
005 20220817041616.0
008 971013s1983 r 00010 d
010 _a19618
011 _a20590
035 _a24678
040 _cCHAP
090 _aFolleto 11202
110 2 _aCentro Internacional de la Papa
245 1 0 _aSemilla botánica
_b: un método alterno para la producción de papa
260 _aLima :
_bEl Centro,
_c1983
300 _a12 p.
_b: ilus.
490 0 _aSeries CIP de Diapositivas didácticas
_v; III-1
500 _ac.2 sustuída por Solorzano Vega, Esteban Guías fenológicas... c.1
590 _aBATCH-UPD
_b10
_c20130110
_lUCH01
_h1326
590 _aBATCH-UPD
_b10
_c20130410
_lUCH01
_h0833
590 _aBATCH-UPD
_b10
_c20130914
_lUCH01
_h1858
590 _aCONVERSION
_b10
_c20130109
_lUCH01
_h1312
650 1 4 _aPapa
_xRendimiento.
_985284
650 1 4 _aPapa
_xSemilla.
_985288
830 0 _aSeries CIP de Diapositivas didácticas
_v; III-1
_9105111
901 _aBK
942 _cFOLL
949 _aFolleto 11202
_bBC
_cFOLL
_d-56850
_eTS1
_i24678
_mD
_si
949 _aFolleto 11202
_bBC
_cFOLL
_d-56853
_eTS2
_fc.3
_i24678
_mD
_si
949 _aFolleto 11202
_bBC
_cFOLL
_d-56854
_eTS2
_fc.4
_i24678
_mD
_si
999 _c19618
_d19618